000 004030000a22001690004500
003 MACL
005 20160130115330.0
008 160130b xxu||||| |||| 00| 0 eng d
040 _aMACL
_cMACL
041 _aEnglish
082 _a741.642
100 _aParragon
_935765
245 _aWorld History
260 _bParragon
_c2011
_aIndonesia
650 _aChildren Book
_935785
942 _cBK
_k741.642
_2ddc
999 _c45782
_d45782